| 000 | 00534nam a22001697a 4500 | ||
|---|---|---|---|
| 999 |
_c9382 _d9382 |
||
| 008 | 210409b ||||| |||| 00| 0 eng d | ||
| 040 | _aBMS College of Architecture | ||
| 100 | _aS, R, Kumar Senthil | ||
| 245 | _aProposed smart city at Tumkur | ||
| 300 | _a82p. | ||
| 500 | _a1BM13AHD09 | ||
| 502 |
_8M.Arch (Habitat Design) _NBMS College of Architecture, Visvesvaraya Technological University _aDissertation _d2015 |
||
| 650 | _aTumkur | ||
| 700 |
_aMamatha P Raj _eGuide |
||
| 700 |
_aSindhu Srikanth _eGuide |
||
| 942 |
_2ddc _cPGTHE |
||